Score 0/22 Timer 10:00
0 Plays Today
Hint Character % Correct
Momonosuke's real fatherKozuki Oden
94.3%
Yonko, captain of the Beast PiratesKaido
94.3%
Also one of the calamities, has the brachiosaurus devil fruitQueen
92.5%
Little girl who is the first person Luffy meets on WanoTama
90.7%
One of the above's calamities, has the pteranodon devil fruitKing
90.7%
Shogun of WanoKurozumi Orochi
89%
Female samurai and member of the 9 Red ScabbardsKikunojo
88.1%
Momonosuke's motherKozuki Toki
84.1%
Momonosuke's sister - considered to be the most beautiful woman in the countryKozuki Hiyori
83.7%
Member of Tobi Roppo with spinosaurus devil fruitPage One
77.6%
Female ninjaShinobu
77.1%
Hint Character % Correct
Former Yakuza boss Luffy meets in prisonHyogoro
75.3%
Member of the 9 Red Scabbards, currently unknown/unseenDenjiro
75.3%
Kappa, one of the 9 Red ScabbardsKawamatsu
74.9%
Beast Pirates headliner whose lower half is that of a horseSpeed
72.7%
Kin'emon's wifeTsuru
72.2%
Large member of the 9 Red Scabbards, leads the Mt Atama thievesAshura Doji
72.2%
Beast Pirates headliner who has a lion protruding from his waistHoldem
71.8%
Former Daimyo who meets ZoroShimotsuke Yasuie
69.2%
Daughter of the aboveToko
67.4%
Samurai and member of the Yakuza, works for the ShogunKyoshiro
58.6%
Swordsmith who lives with the aboveTenugyama Hitetsu
45.4%
Remove Ads.
Support Sporcle.
Get the best of Sporcle when you Go Orange. This ad-free experience offers more features, more stats, and more fun while also helping to support Sporcle. Thank you for becoming a member.

You're not logged in!

Compare scores with friends on all Sporcle quizzes.
OR
Log In

Show Comments

Extras

Top Quizzes Today


Score Distribution

Your Account Isn't Verified!

In order to create a playlist on Sporcle, you need to verify the email address you used during registration. Go to your Sporcle Settings to finish the process.

Report this User

Report this user for behavior that violates our Community Guidelines.

Details: